| 000 | 00519nam a2200121Ia 4500 | ||
|---|---|---|---|
| 008 | 220620s9999||||xx |||||||||||||| ||und|| | ||
| 245 | 4 |
_aThe Social Life of Anti-Terrorism Laws _bThe War on Terror and the Classifications of the »Dangerous Other« |
|
| 546 | _aEnglish[eng] | ||
| 650 | _aSecurity||Citizenship||Terror||Law||Violence||International Relations||Terrorism||Political Science | ||
| 700 | _aEckert, Julia M. | ||
| 856 | _uhttps://library.oapen.org/bitstream/20.500.12657/22750/1/1007412.pdf | ||
| 942 | _cEB | ||
| 999 |
_c35267 _d35267 |
||